000
00319nam a2200109Ia 4500
008
171211s9999 xx 000 0 und d
245
_a
Rex Ingram: Visionary Director of the Silent Screen
245
_c
Ruth Barton Ph.D.
260
_c
2014
650
_x
CINEMA
856
_u
http://down.ebook777.com/065/9780813147093.pdf
999
_c
349381
_d
349381